000 005050000a22001810004500
003 MACL
005 20160316152648.0
008 160316b xxu||||| |||| 00| 0 eng d
040 _aMACL
_cMACL
041 _aHindi
082 _a920
100 _aगुप्‍त मैथिलीशरण
_943237
245 _aमुंशी अजमेरी
260 _bसाकेत प्रकाशन
_c1982
_aझासी
350 _a15
650 _aBiography
_946635
942 _cHIN
_k920
_2ddc
999 _c28183
_d28183